|
|
|
|
| LEADER |
02661nam a22005055i 4500 |
| 001 |
978-88-470-2065-8 |
| 003 |
DE-He213 |
| 005 |
20151204161035.0 |
| 007 |
cr nn 008mamaa |
| 008 |
111214s2011 it | s |||| 0|ita d |
| 020 |
|
|
|a 9788847020658
|9 978-88-470-2065-8
|
| 024 |
7 |
|
|a 10.1007/978-88-470-2065-8
|2 doi
|
| 040 |
|
|
|d GrThAP
|
| 050 |
|
4 |
|a RL1-803
|
| 072 |
|
7 |
|a MJK
|2 bicssc
|
| 072 |
|
7 |
|a MED017000
|2 bisacsh
|
| 082 |
0 |
4 |
|a 616.5
|2 23
|
| 100 |
1 |
|
|a Micali, Giuseppe.
|e author.
|
| 245 |
1 |
0 |
|a Le basi della dermatologia
|h [electronic resource] :
|b Anatomia · Fisiologia · Lesioni elementari · Indagini diagnostiche · Correlazioni clinico-patologiche · Note di terapia /
|c by Giuseppe Micali, Daniele Innocenzi, Gabriella Fabbrocini, Giuseppe Monfrecola, Antonella Tosti, Stefano Veraldi.
|
| 264 |
|
1 |
|a Milano :
|b Springer Milan,
|c 2011.
|
| 300 |
|
|
|a XIV, 324 pagg.
|b online resource.
|
| 336 |
|
|
|a text
|b txt
|2 rdacontent
|
| 337 |
|
|
|a computer
|b c
|2 rdamedia
|
| 338 |
|
|
|a online resource
|b cr
|2 rdacarrier
|
| 347 |
|
|
|a text file
|b PDF
|2 rda
|
| 520 |
|
|
|a L’esatta conoscenza dell’anatomia e della fisiopatologia della cute è alla base di un corretto inquadramento clinico-diagnostico del paziente dermatologico. Il testo “Le basi della dermatologia” si propone di condurre il medico all’identificazione e valutazione delle lesioni elementari nonché alla conoscenza delle più moderne tecniche diagnostiche per permettere un’interpretazione ragionata e corretta del quadro clinico, non tralasciando le correlazioni istopatologiche e le appropriate opzioni terapeutiche. Redatto in forma essenziale e didattica, il testo è rivolto a dermatologi e medici di base, come pure a specialisti e specializzandi di branche diverse, quali chirurghi plastici, pediatri, geriatri, endocrinologi, allergologi, nonché a medici estetici e a coloro che desiderino avvicinarsi alla cute e a quanto ad essa correlato.
|
| 650 |
|
0 |
|a Medicine.
|
| 650 |
|
0 |
|a Human anatomy.
|
| 650 |
|
0 |
|a Dermatology.
|
| 650 |
|
0 |
|a Plastic surgery.
|
| 650 |
1 |
4 |
|a Medicine & Public Health.
|
| 650 |
2 |
4 |
|a Dermatology.
|
| 650 |
2 |
4 |
|a Plastic Surgery.
|
| 650 |
2 |
4 |
|a Anatomy.
|
| 700 |
1 |
|
|a Innocenzi, Daniele.
|e author.
|
| 700 |
1 |
|
|a Fabbrocini, Gabriella.
|e author.
|
| 700 |
1 |
|
|a Monfrecola, Giuseppe.
|e author.
|
| 700 |
1 |
|
|a Tosti, Antonella.
|e author.
|
| 700 |
1 |
|
|a Veraldi, Stefano.
|e author.
|
| 710 |
2 |
|
|a SpringerLink (Online service)
|
| 773 |
0 |
|
|t Springer eBooks
|
| 776 |
0 |
8 |
|i Printed edition:
|z 9788847020641
|
| 856 |
4 |
0 |
|u http://dx.doi.org/10.1007/978-88-470-2065-8
|z Full Text via HEAL-Link
|
| 912 |
|
|
|a ZDB-2-SME
|
| 950 |
|
|
|a Medicine (Springer-11650)
|